Characterisation of latex of NIG 800 clonal series (Record no. 55364)
[ view plain ]
| 000 -LEADER | |
|---|---|
| fixed length control field | 01211nam a2200193Ia 4500 |
| 100 ## - MAIN ENTRY--AUTHOR NAME | |
| Personal name | Okieimen F E |
| 245 #0 - TITLE STATEMENT | |
| Title | Characterisation of latex of NIG 800 clonal series |
| 260 ## - PUBLICATION, DISTRIBUTION, ETC. (IMPRINT) | |
| Name of publisher | Nigerian Journal of Applied Sciences |
| Year of publication | 2001 |
| 300 ## - PHYSICAL DESCRIPTION | |
| Number of Pages | 65-68 |
| 520 ## - SUMMARY, ETC. | |
| Summary, etc | Natural rubber latices (NRL) from the fourteen Hevea clones (NIG 800 series) developed by the Rubber Research Institute of Nigeria (RRIN) were characterised. The latex from each of the clones was collected over a period of eight months using 1/2 Spiral day 2 (1/2 S d/2) tapping method without stimulation and preserved with 0.4;ammonia solution (5;v/v). Prpperties investigated were total solid content, dry rubber content, mechanical stability time, nitrogen content, and volatile fatty acid. There is a clonal variation in some properties of the latices and are compared with some well-established commercial clones. The results obtained are discussed in relationship to practical application of the lattices. |
| 650 ## - SUBJECT ADDED ENTRY--TOPICAL TERM | |
| Topical Term | Hevea clones |
| 650 ## - SUBJECT ADDED ENTRY--TOPICAL TERM | |
| Topical Term | Natural rubber latices |
| 650 ## - SUBJECT ADDED ENTRY--TOPICAL TERM | |
| Topical Term | NIG 800 |
| 700 ## - ADDED ENTRY--PERSONAL NAME | |
| Personal name | Aigbodion A I |
| 700 ## - ADDED ENTRY--PERSONAL NAME | |
| Personal name | Akinlabi A K |
| 700 ## - ADDED ENTRY--PERSONAL NAME | |
| Personal name | Bakare I O |
| 942 ## - ADDED ENTRY ELEMENTS (KOHA) | |
| Koha item type | Journals |
| Withdrawn status | Lost status | Damaged status | Not for loan | Home library | Current library | Shelving location | Date acquired | Serial Enumeration / chronology | Koha item type |
|---|---|---|---|---|---|---|---|---|---|
| Journals | RRII Library | RRII Library | Physiology | 17/12/2021 | Volume 19, Issue | Journals |